[Event "Piestany Slovakia op"]
[Site "Piestany"]
[Date "2021.07.16"]
[Round "7"]
[White "Bochnicka, Vladimir1111"]
[Black "Bucek, Eduard"]
[Result "1-0"]
[WhiteElo "2233"]
[BlackElo "1985"]
[PlyCount "63"]
[EventDate "2021.07.10"]
[EventType "swiss"]
[EventRounds "9"]
[EventCountry "SVK"]
[SourceTitle "CBM 203 Extra"]
[Source "ChessBase"]
[SourceDate "2021.09.30"]
[SourceVersion "1"]
[SourceVersionDate "2021.09.30"]
[SourceQuality "1"]

1. e4 e5 2. Nf3 Nc6 3. Bc4 Bc5 4. c3 Nf6 5. d3 d6 6. Nbd2 Bg4 7. h3 Bh5 8. Nf1 Qd7 9. Ng3 Bg6 10. Bb5 a6 11. Ba4 b5 12. Bb3 Bb6 13. 0-0 0-0 14. Nh4 d5 15. Qf3 dxe4 16. dxe4 Na5 17. Rd1 Qc6 18. Bc2 Rad8 19. Bg5 Nc4 20. Nhf5 Qe6 21. Bb3 c6 22. Bxc4 Qxc4 23. Ne7+ Kh8 24. Bxf6 Rde8 25. Bg5 h6 26. Bh4 Bh7 27. Ngf5 f6 28. Rd7 Qe6 29. Rad1 Bc5 30. Nxg7 Kxg7 31. Nf5+ Kh8 32. Ng7 1-0

[Event "Piestany Slovakia op"]
[Site "Piestany"]
[Date "2021.07.15"]
[Round "6"]
[White "Bucek, Eduard"]
[Black "Striskova, Lucia"]
[Result "1-0"]
[WhiteElo "1985"]
[BlackElo "1715"]
[PlyCount "65"]
[EventDate "2021.07.10"]
[EventType "swiss"]
[EventRounds "9"]
[EventCountry "SVK"]
[SourceTitle "CBM 203 Extra"]
[Source "ChessBase"]
[SourceDate "2021.09.30"]
[SourceVersion "1"]
[SourceVersionDate "2021.09.30"]
[SourceQuality "1"]

1. e4 e5 2. Nf3 Nc6 3. Bb5 Nf6 4. d3 Ne7 5. 0-0 c6 6. Ba4 Ng6 7. Nc3 Be7 8. Bb3 0-0 9. Bg5 h6 10. Be3 d5 11. exd5 cxd5 12. d4 e4 13. Ne5 Be6 14. f4 exf3 15. Qxf3 Qd6 16. Nxg6 fxg6 17. Bf4 Qd7 18. Rae1 Bf7 19. Qe3 Rae8 20. Ba4 Qg4 21. Bxe8 Rxe8 22. h3 Qh5 23. g4 Qh4 24. Qg3 Qxg3+ 25. Bxg3 g5 26. Rf2 Kf8 27. Rfe2 Bb4 28. Rxe8+ Bxe8 29. a3 Bxc3 30. bxc3 Ne4 31. Bb8 a6 32. c4 Nd2 33. Bd6+ 1-0

[Event "Piestany Slovakia op"]
[Site "Piestany"]
[Date "2021.07.11"]
[Round "2"]
[White "Bucek, Eduard"]
[Black "Baidetsky, Valentin"]
[Result "0-1"]
[WhiteElo "1985"]
[BlackElo "2403"]
[PlyCount "68"]
[EventDate "2021.07.10"]
[EventType "swiss"]
[EventRounds "9"]
[EventCountry "SVK"]
[SourceTitle "CBM 203 Extra"]
[Source "ChessBase"]
[SourceDate "2021.09.30"]
[SourceVersion "1"]
[SourceVersionDate "2021.09.30"]
[SourceQuality "1"]

1. e4 Nf6 2. Nc3 d5 3. e5 Nfd7 4. Nf3 e6 5. d4 c5 6. Bb5 Nc6 7. 0-0 Be7 8. Bxc6 bxc6 9. dxc5 Ba6 10. Re1 Bxc5 11. Na4 Be7 12. Qd4 g5 13. b3 c5 14. Qe3 g4 15. Ng5 h6 16. Nxf7 Kxf7 17. Qf4+ Ke8 18. Qxg4 Nf8 19. Qh5+ Kd7 20. c4 d4 21. Ba3 Rc8 22. Rad1 Qe8 23. Qf3 Ng6 24. b4 Nh4 25. Qe4 Bxc4 26. Nxc5+ Bxc5 27. Qxh4 Bb6 28. Rxd4+ Bxd4 29. Qxd4+ Bd5 30. b5 Qg6 31. g3 Rc7 32. b6 axb6 33. Qxb6 Qd3 34. Qd6+ Kc8 0-1

[Event "Arad op 12th"]
[Site "Arad"]
[Date "2019.07.30"]
[Round "8"]
[White "Dobre, Claudiu Cristian"]
[Black "Bucek, Eduard"]
[Result "1-0"]
[WhiteElo "2340"]
[BlackElo "1960"]
[PlyCount "125"]
[EventDate "2019.07.24"]
[EventType "swiss"]
[EventRounds "9"]
[EventCountry "ROU"]
[SourceTitle "CBM 191 Extra"]
[Source "ChessBase"]
[SourceDate "2019.09.30"]
[SourceVersion "1"]
[SourceVersionDate "2019.09.30"]
[SourceQuality "1"]

1. c4 e5 2. Nc3 Nf6 3. Nf3 Nc6 4. e3 Bb4 5. Qc2 0-0 6. Nd5 d6 7. Bd3 h6 8. a3 Bc5 9. b4 Bb6 10. Nxb6 axb6 11. Bb2 Re8 12. Be2 e4 13. Nd4 Ne5 14. f4 Ng6 15. 0-0 Bd7 16. Qc3 Qe7 17. Kh1 c5 18. Nc2 Rec8 19. b5 Ne8 20. d4 f5 21. d5 Nf6 22. h3 Rf8 23. g3 Kh7 24. Rf2 Rh8 25. Rg1 h5 26. Kg2 Kg8 27. Kf1 Kf7 28. Ke1 Rh7 29. Na1 Rhh8 30. Nb3 Rh7 31. Kd1 Qd8 32. Kc2 Qe7 33. Nc1 Rah8 34. Qe1 Qe8 35. Na2 Ne7 36. Nc3 Qa8 37. Kb1 Rh6 38. Bd1 Rg6 39. Rfg2 Qa5 40. Bc2 Nc8 41. Qc1 Ne7 42. Nd1 Qa8 43. a4 Qa5 44. Bc3 Qa8 45. Nf2 Qc8 46. Ka2 Qa8 47. Qd2 Qc8 48. Kb2 Qc7 49. Bd1 Qc8 50. Kb3 Neg8 51. Be2 Rh7 52. Qd1 Kf8 53. g4 hxg4 54. hxg4 fxg4 55. Nxg4 Nxg4 56. Bxg4 Bxg4 57. Rxg4 Rxg4 58. Rxg4 Qf5 59. Qg1 Nf6 60. Rg5 Qh3 61. Bxf6 gxf6 62. Rg8+ Ke7 63. Rb8 1-0

[Event "SVK-chT2C 1516"]
[Site "Slovakia"]
[Date "2016.02.13"]
[Round "8.6"]
[White "Vrchovsky, Viliam"]
[Black "Bucek, Eduard"]
[Result "1/2-1/2"]
[WhiteElo "2002"]
[BlackElo "1999"]
[PlyCount "88"]
[EventDate "2015.10.17"]
[EventType "team-tourn"]
[EventRounds "11"]
[EventCountry "SVK"]
[SourceTitle "EXT 2017"]
[Source "ChessBase"]
[SourceDate "2016.10.25"]
[SourceVersion "1"]
[SourceVersionDate "2016.10.25"]
[SourceQuality "1"]
[WhiteTeam "Dunajov Inbest II"]
[BlackTeam "Zilina"]
[WhiteTeamCountry "SVK"]
[BlackTeamCountry "SVK"]

1. e4 c5 2. Nf3 d6 3. b3 Nc6 4. Bb2 e5 5. Nc3 Nf6 6. Be2 Be7 7. 0-0 0-0 8. d3 Nd4 9. h3 b6 10. Nh2 Bb7 11. Re1 Ne8 12. Bg4 g6 13. Bc1 Ng7 14. Bh6 Bg5 15. Bxg5 Qxg5 16. Nf3 Qd8 17. Nd2 f5 18. exf5 gxf5 19. Bf3 Nxf3+ 20. Nxf3 Kh8 21. Ne2 Bxf3 22. gxf3 Qh4 23. Kg2 Ne6 24. Rh1 Rf6 25. Kf1 Rg8 26. Ng3 d5 27. c4 f4 28. Ne2 dxc4 29. dxc4 Qh5 30. Qd5 Rd8 31. Qe4 Rf5 32. h4 Rf7 33. Rg1 Qxh4 34. Qxe5+ Qf6 35. Qxf6+ Rxf6 36. Rg4 h5 37. Rh4 Rf5 38. Re1 Rd3 39. Kg2 Rg5+ 40. Kf1 Rf5 41. Kg2 Kg7 42. Nc1 Rd6 43. Ne2 Kf7 44. Nc3 Rd2 1/2-1/2

[Event "SVK-chT2C 1516"]
[Site "Slovakia"]
[Date "2015.12.05"]
[Round "5.4"]
[White "Bucek, Eduard"]
[Black "Milcova, Zuzana"]
[Result "1/2-1/2"]
[WhiteElo "1999"]
[BlackElo "1975"]
[PlyCount "118"]
[EventDate "2015.10.17"]
[EventType "team-tourn"]
[EventRounds "11"]
[EventCountry "SVK"]
[SourceTitle "CBM 169 Extra"]
[Source "ChessBase"]
[SourceDate "2015.12.18"]
[SourceVersion "1"]
[SourceVersionDate "2015.12.18"]
[SourceQuality "1"]
[WhiteTeam "Zilina"]
[BlackTeam "Dolny Kubin"]
[WhiteTeamCountry "SVK"]
[BlackTeamCountry "SVK"]

1. e4 d5 2. exd5 Qxd5 3. Nc3 Qd6 4. d4 Nf6 5. Nf3 c6 6. h3 Bf5 7. Bc4 e6 8. 0-0 Be7 9. Re1 0-0 10. Nh4 Nbd7 11. Nxf5 exf5 12. Ne2 Nb6 13. Bd3 g6 14. c4 Qd7 15. Bg5 Rfe8 16. Qc2 Ne4 17. Be3 Bg5 18. Bxe4 Bxe3 19. Bf3 Bg5 20. a4 a5 21. Qb3 Qc7 22. Nc3 Rxe1+ 23. Rxe1 Rd8 24. d5 Nd7 25. g3 Ne5 26. Bg2 Be7 27. Ne2 Bc5 28. Nf4 Ba7 29. Qc3 Nd7 30. h4 Nc5 31. Qf6 Nd7 32. Qc3 Bc5 33. Re2 Bb4 34. Qd4 Bc5 35. Qd1 Nf6 36. Bf3 h5 37. b3 Qb6 38. Qa1 Bd4 39. Qd1 Ne4 40. Bxe4 fxe4 41. Rxe4 Bxf2+ 42. Kg2 Rd6 43. Qd2 Bc5 44. Qc3 Qd8 45. Qe1 Qf6 46. Re8+ Kg7 47. Rb8 Qd4 48. Rxb7 cxd5 49. cxd5 Rf6 50. Rb5 Qb2+ 51. Kh3 Bb4 52. Rxb4 axb4 53. Qxb4 Qf2 54. Qe4 Qf1+ 55. Kh2 Qd1 56. Qe5 Qxb3 57. d6 Qc2+ 58. Kh3 Qc8+ 59. Kh2 Qc2+ 1/2-1/2

[Event "SVK-chT2C 1314"]
[Site "Slovakia"]
[Date "2014.02.23"]
[Round "9.5"]
[White "Adamcik, Robert"]
[Black "Bucek, Eduard"]
[Result "1-0"]
[WhiteElo "2058"]
[BlackElo "2069"]
[PlyCount "59"]
[EventDate "2013.10.19"]
[EventType "team-tourn"]
[EventRounds "11"]
[EventCountry "SVK"]
[SourceTitle "EXT 2015"]
[Source "ChessBase"]
[SourceDate "2014.11.20"]
[SourceVersion "1"]
[SourceVersionDate "2014.11.20"]
[SourceQuality "1"]
[WhiteTeam "Cadca II"]
[BlackTeam "Zilina DMS"]
[WhiteTeamCountry "SVK"]
[BlackTeamCountry "SVK"]

1. d4 d5 2. Nf3 g6 3. Bf4 Bg7 4. e3 Nf6 5. c4 0-0 6. Nc3 c6 7. Be2 dxc4 8. Bxc4 Nbd7 9. 0-0 Nh5 10. Bg5 h6 11. Bh4 g5 12. Bg3 Nxg3 13. hxg3 Qa5 14. Qe2 e5 15. Rfd1 exd4 16. exd4 g4 17. Nh4 Nb6 18. Bb3 Bd7 19. Qd3 Rfe8 20. Ne4 Nc8 21. Nc5 Qc7 22. Nf5 b6 23. Nxd7 Qxd7 24. Bc2 Re6 25. Nxg7 Kxg7 26. Qh7+ Kf8 27. Bf5 Ne7 28. Bxe6 Qxe6 29. Qh8+ Ng8 30. Qe5 1-0

[Event "SVK-chT2C 1314"]
[Site "Slovakia"]
[Date "2013.11.24"]
[Round "4.5"]
[White "Bucek, Eduard"]
[Black "Valuska, Pavel"]
[Result "1-0"]
[WhiteElo "2069"]
[BlackElo "1976"]
[PlyCount "75"]
[EventDate "2013.10.19"]
[EventType "team-tourn"]
[EventRounds "11"]
[EventCountry "SVK"]
[SourceTitle "EXT 2015"]
[Source "ChessBase"]
[SourceDate "2014.11.20"]
[SourceVersion "1"]
[SourceVersionDate "2014.11.20"]
[SourceQuality "1"]
[WhiteTeam "Zilina DMS"]
[BlackTeam "Zvolen Slavia"]
[WhiteTeamCountry "SVK"]
[BlackTeamCountry "SVK"]

1. e4 c6 2. d4 d5 3. e5 Bf5 4. g4 Bd7 5. Bg2 e6 6. Nf3 c5 7. c3 Bb5 8. a4 Bc6 9. 0-0 c4 10. Ng5 h6 11. Nh3 Na6 12. f4 Qd7 13. f5 Nc7 14. Nd2 0-0-0 15. b3 cxb3 16. Qxb3 Ne7 17. fxe6 Qxe6 18. Qd1 Ng6 19. Qf3 Rd7 20. Nf4 Nxf4 21. Qxf4 g5 22. Qg3 Be7 23. Nb3 b6 24. a5 Bb5 25. Rf2 Kb7 26. axb6 axb6 27. Ba3 Ra8 28. c4 Bxc4 29. Rb2 Nb5 30. Bxe7 Rxa1+ 31. Nxa1 Qxe7 32. Nc2 f6 33. Ne3 Na3 34. Nf5 Qf8 35. e6 Rc7 36. Nd6+ Kc6 37. Qxa3 Qxd6 38. Rxb6+ 1-0

[Event "SVK-chT2C 1314"]
[Site "Slovakia"]
[Date "2013.10.20"]
[Round "2.3"]
[White "Bucek, Eduard"]
[Black "Tomcik, Milan"]
[Result "1/2-1/2"]
[WhiteElo "2069"]
[BlackElo "2022"]
[PlyCount "83"]
[EventDate "2013.10.19"]
[EventType "team-tourn"]
[EventRounds "11"]
[EventCountry "SVK"]
[SourceTitle "EXT 2015"]
[Source "ChessBase"]
[SourceDate "2014.11.20"]
[SourceVersion "1"]
[SourceVersionDate "2014.11.20"]
[SourceQuality "1"]
[WhiteTeam "Zilina DMS"]
[BlackTeam "Rajecke Teplice"]
[WhiteTeamCountry "SVK"]
[BlackTeamCountry "SVK"]

1. e4 c6 2. d4 d5 3. exd5 cxd5 4. c4 Nf6 5. Nc3 g6 6. cxd5 Bg7 7. Bc4 Nbd7 8. Bg5 0-0 9. Nge2 Ne8 10. 0-0 Nb6 11. Qb3 Nxc4 12. Qxc4 b6 13. Rfe1 Bb7 14. Nf4 Nf6 15. Rad1 Rc8 16. Qa4 a6 17. h3 h6 18. Bxf6 Bxf6 19. Qb3 Re8 20. Re3 Bg5 21. Rf3 Bxf4 22. Rxf4 Qd6 23. Re4 b5 24. a3 Rc4 25. Re5 Rxd4 26. Rxd4 Qxe5 27. Qd1 Rd8 28. Qd2 Kg7 29. f4 Qd6 30. Ne4 Qb6 31. Kh2 Qc7 32. d6 exd6 33. Nxd6 Rf8 34. Qe3 Qc6 35. Rd2 Kg8 36. f5 g5 37. h4 Rd8 38. Nxb7 Rxd2 39. Qxd2 Qxb7 40. Qd8+ Kh7 41. hxg5 Qe4 42. Qf6 1/2-1/2

[Event "SVK-chT2C 1213"]
[Site "Slovakia"]
[Date "2012.12.15"]
[Round "5.6"]
[White "Bucek, Eduard"]
[Black "Turcan, Martin"]
[Result "1-0"]
[WhiteElo "2038"]
[BlackElo "1948"]
[PlyCount "69"]
[EventDate "2012.10.13"]
[EventType "team-tourn"]
[EventRounds "11"]
[EventCountry "SVK"]
[SourceTitle "EXT 2015"]
[Source "ChessBase"]
[SourceDate "2014.11.20"]
[SourceVersion "1"]
[SourceVersionDate "2014.11.20"]
[SourceQuality "1"]
[WhiteTeam "Zilina DMS"]
[BlackTeam "Zilina Mladost II"]
[WhiteTeamCountry "SVK"]
[BlackTeamCountry "SVK"]

1. e4 d6 2. d4 e5 3. Nf3 exd4 4. Nxd4 Nf6 5. Nc3 Be7 6. Be2 0-0 7. 0-0 Nbd7 8. Be3 Re8 9. Qd2 Nc5 10. f3 a5 11. Rad1 c6 12. Rfe1 Qc7 13. Bf1 Nfd7 14. Nf5 Bf8 15. Nxd6 Rd8 16. Bg5 Nf6 17. e5 Ne6 18. Bh4 Rd7 19. Bxf6 gxf6 20. Nce4 Be7 21. exf6 Bf8 22. Qf2 Kh8 23. Nc4 Rd5 24. Qg3 Qd8 25. Bd3 b5 26. Ne3 Qb6 27. Kh1 Rh5 28. Nd6 Qc7 29. Ne4 Qb6 30. Qg4 Rh6 31. Ng5 Nxg5 32. Qxg5 Qc7 33. Nf1 Ra6 34. Re8 Qd6 35. Qg7# 1-0

[Event "SVK-chT2C 1112"]
[Site "Slovakia"]
[Date "2012.02.25"]
[Round "10.8"]
[White "Bucek, Eduard"]
[Black "Haring, Filip"]
[Result "1-0"]
[WhiteElo "2049"]
[BlackElo "1542"]
[PlyCount "87"]
[EventDate "2011.10.08"]
[EventType "team-tourn"]
[EventRounds "11"]
[EventCountry "SVK"]
[SourceTitle "EXT 2013"]
[Source "ChessBase"]
[SourceDate "2012.11.22"]
[SourceVersion "1"]
[SourceVersionDate "2012.11.22"]
[SourceQuality "1"]
[WhiteTeam "Zilina DMS"]
[BlackTeam "Banska Bystrica Junior II"]
[WhiteTeamCountry "SVK"]
[BlackTeamCountry "SVK"]

1. e4 e5 2. Nf3 Nc6 3. b3 Nf6 4. Nc3 d6 5. Bb5 Bd7 6. d3 a6 7. Bxc6 Bxc6 8. 0-0 Be7 9. Bb2 0-0 10. Ne2 Re8 11. Ng3 Bf8 12. c4 g6 13. Ne1 Bg7 14. Nc2 b5 15. f3 Rb8 16. Rb1 bxc4 17. dxc4 Rb6 18. Bc3 Bd7 19. Qd2 Qe7 20. Rfd1 Reb8 21. Ba5 R6b7 22. Bb4 h5 23. Qe1 Bh6 24. Bd2 Bxd2 25. Qxd2 Kg7 26. Qg5 Kh7 27. Ne3 Be6 28. Rbc1 c5 29. Nef1 Rd7 30. Re1 Rc8 31. Qd2 Rc6 32. Red1 Rb6 33. Ne3 Kg7 34. Nef5+ Bxf5 35. exf5 Rc6 36. Qg5 Kh7 37. h4 Rb6 38. Ne4 Nxe4 39. fxe4 Qxg5 40. hxg5 Kg7 41. f6+ Kf8 42. Rd3 Kg8 43. Rh3 Kf8 44. g4 1-0

[Event "SVK-chT2C 1112"]
[Site "Slovakia"]
[Date "2012.01.29"]
[Round "9.6"]
[White "Bucek, Eduard"]
[Black "Minich, Miroslav"]
[Result "0-1"]
[WhiteElo "2049"]
[BlackElo "1929"]
[PlyCount "126"]
[EventDate "2011.10.08"]
[EventType "team-tourn"]
[EventRounds "11"]
[EventCountry "SVK"]
[SourceTitle "EXT 2013"]
[Source "ChessBase"]
[SourceDate "2012.11.22"]
[SourceVersion "1"]
[SourceVersionDate "2012.11.22"]
[SourceQuality "1"]
[WhiteTeam "Zilina DMS"]
[BlackTeam "Zvolen Slavia"]
[WhiteTeamCountry "SVK"]
[BlackTeamCountry "SVK"]

1. e4 c6 2. d4 d5 3. f3 Nf6 4. e5 Nfd7 5. e6 fxe6 6. f4 Nf6 7. Nf3 g6 8. h4 c5 9. h5 gxh5 10. Be2 Nc6 11. c3 cxd4 12. Nxd4 Nxd4 13. Qxd4 Qb6 14. Qe5 Rg8 15. Bxh5+ Kd8 16. Bf3 Bd7 17. Nd2 Bg7 18. Qe2 Bb5 19. c4 Ba6 20. Rb1 Rc8 21. b3 dxc4 22. bxc4 Bxc4 23. Nxc4 Qxb1 24. 0-0 Qf5 25. Ne5 Nd5 26. Be4 Qf8 27. Bb2 Bxe5 28. Bxe5 Qh6 29. Qd2 Ke8 30. Qd3 a6 31. Bxh7 Rg4 32. Be4 Rh4 33. g3 Rh2 34. Bg2 Kf7 35. Bxd5 Rcc2 36. Qxc2 Rxc2 37. Bg2 Rxa2 38. Bd4 Qg6 39. Bf2 b5 40. f5 Qg7 41. fxe6+ Kxe6 42. Bh3+ Kd6 43. Rd1+ Kc6 44. Bg2+ Kc7 45. Rc1+ Kb8 46. Rc6 Rxf2 47. Kxf2 Qd4+ 48. Kf1 a5 49. Ra6 a4 50. Bc6 b4 51. Ra8+ Kc7 52. Bxa4 Kb7 53. Ra5 Kb6 54. Rb5+ Ka6 55. Kg2 Qd2+ 56. Kh3 Qd7+ 57. g4 Qxb5 58. Bxb5+ Kxb5 59. g5 b3 60. Kg4 b2 61. Kh5 b1Q 62. Kh6 e5 63. g6 e4 0-1

[Event "SVK-chT2C 1112"]
[Site "Slovakia"]
[Date "2011.12.03"]
[Round "5.6"]
[White "Soltys, Peter"]
[Black "Bucek, Eduard"]
[Result "1-0"]
[WhiteElo "1815"]
[BlackElo "2049"]
[PlyCount "51"]
[EventDate "2011.10.08"]
[EventType "team-tourn"]
[EventRounds "11"]
[EventCountry "SVK"]
[SourceTitle "EXT 2013"]
[Source "ChessBase"]
[SourceDate "2012.11.22"]
[SourceVersion "1"]
[SourceVersionDate "2012.11.22"]
[SourceQuality "1"]
[WhiteTeam "Zilina Mladost II"]
[BlackTeam "Zilina DMS"]
[WhiteTeamCountry "SVK"]
[BlackTeamCountry "SVK"]

1. e4 c5 2. Nf3 g6 3. d4 Bg7 4. c3 Qc7 5. Be2 d6 6. 0-0 Nf6 7. dxc5 dxc5 8. Be3 0-0 9. Nbd2 b6 10. e5 Nd5 11. Bg5 Bb7 12. Qb3 h6 13. Bh4 Nf4 14. Bc4 Nc6 15. e6 f5 16. Bg3 g5 17. Rfe1 Rad8 18. Bb5 Nh3+ 19. gxh3 f4 20. Qc2 Rf6 21. Ne4 Rxe6 22. Bc4 Bc8 23. Nexg5 hxg5 24. Nxg5 fxg3 25. Bxe6+ Bxe6 26. Qh7+ 1-0

[Event "SVK-chT2C 1112"]
[Site "Slovakia"]
[Date "2011.11.05"]
[Round "3.7"]
[White "Bucek, Eduard"]
[Black "Feco, Jan"]
[Result "1-0"]
[WhiteElo "2049"]
[BlackElo "1885"]
[PlyCount "87"]
[EventDate "2011.10.08"]
[EventType "team-tourn"]
[EventRounds "11"]
[EventCountry "SVK"]
[SourceTitle "EXT 2013"]
[Source "ChessBase"]
[SourceDate "2012.11.22"]
[SourceVersion "1"]
[SourceVersionDate "2012.11.22"]
[SourceQuality "1"]
[WhiteTeam "Zilina DMS"]
[BlackTeam "Jelsava"]
[WhiteTeamCountry "SVK"]
[BlackTeamCountry "SVK"]

1. e4 e5 2. Nf3 Nc6 3. Bb5 a6 4. Ba4 Nf6 5. d3 b5 6. Bb3 h6 7. 0-0 Bc5 8. c3 0-0 9. a4 Bb7 10. d4 exd4 11. cxd4 Bb6 12. e5 Nh7 13. Nc3 bxa4 14. Rxa4 Ne7 15. d5 Kh8 16. Qd3 f5 17. Nd4 Bxd4 18. Qxd4 c6 19. d6 Ng6 20. f4 a5 21. Rf2 Ba6 22. Ra1 Rb8 23. Bc2 Rf7 24. Qa7 Ra8 25. Qc7 Qxc7 26. dxc7 Bc8 27. Be3 Nhf8 28. Na4 Ne7 29. Nb6 Ra6 30. Bd3 Rxb6 31. Bxb6 Nd5 32. Bc4 Ne6 33. Bxd5 cxd5 34. Rxa5 d4 35. g4 g6 36. Ra8 Rf8 37. gxf5 gxf5 38. b4 Kh7 39. b5 d3 40. Ba5 d2 41. Rxd2 Nxf4 42. Rxd7+ Kg6 43. Rd8 Nh3+ 44. Kf1 1-0

[Event "Zilina Region-ch"]
[Site "Zilina"]
[Date "2011.05.06"]
[Round "1"]
[White "Bucek, Eduard"]
[Black "Racik, Marek"]
[Result "1-0"]
[WhiteElo "2043"]
[BlackElo "1885"]
[PlyCount "89"]
[EventDate "2011.05.06"]
[EventType "swiss"]
[EventRounds "7"]
[EventCountry "SVK"]
[SourceTitle "EXT 2012"]
[Source "ChessBase"]
[SourceDate "2011.11.24"]
[SourceVersion "1"]
[SourceVersionDate "2011.11.24"]
[SourceQuality "1"]

1. e4 c5 2. b3 d6 3. Bb2 Nc6 4. f4 e5 5. Nf3 exf4 6. Bb5 Bd7 7. 0-0 Nf6 8. d3 Ng4 9. Qe2 h5 10. Na3 Nce5 11. Bxd7+ Qxd7 12. Nc4 f6 13. c3 b5 14. Na5 Ne3 15. d4 Nxf3+ 16. Rxf3 Qg4 17. h3 Qg5 18. Qxb5+ Kf7 19. Qe2 cxd4 20. cxd4 Re8 21. e5 dxe5 22. dxe5 Bc5 23. Kh1 fxe5 24. Nb7 e4 25. Rxe3 fxe3 26. Qc4+ Kg6 27. Nxc5 Rhf8 28. Ne6 Qf5 29. Nxf8+ Rxf8 30. Qd4 Rf7 31. Qxe3 Kh7 32. Re1 Re7 33. Bd4 a5 34. Kh2 g5 35. Rc1 Qf4+ 36. Kg1 Rf7 37. Re1 Re7 38. Rf1 Qxe3+ 39. Bxe3 Kg6 40. Rc1 Re5 41. Kf2 g4 42. h4 a4 43. bxa4 Rd5 44. Rc4 Re5 45. Rc5 1-0

[Event "SVK-chT2C 10/11"]
[Site "Slovakia"]
[Date "2011.01.08"]
[Round "5.5"]
[White "Bucek, Eduard"]
[Black "Pikuliak, Jozef"]
[Result "0-1"]
[WhiteElo "2041"]
[BlackElo "1965"]
[PlyCount "64"]
[EventDate "2010.10.23"]
[EventType "team-tourn"]
[EventRounds "11"]
[EventCountry "SVK"]
[SourceTitle "EXT 2019"]
[Source "ChessBase"]
[SourceDate "2018.10.10"]
[SourceVersion "1"]
[SourceVersionDate "2018.10.10"]
[SourceQuality "1"]
[WhiteTeam "Zilina DMS"]
[BlackTeam "Cadca Caissa"]
[WhiteTeamCountry "SVK"]
[BlackTeamCountry "SVK"]

1. Nf3 c5 2. c4 Nc6 3. Nc3 Nf6 4. g3 g6 5. Bg2 Bg7 6. 0-0 0-0 7. d3 a6 8. e4 d6 9. h3 Rb8 10. a4 Bd7 11. Be3 Qb6 12. Qc1 Nd4 13. Bxd4 cxd4 14. Ne2 Ne8 15. Qd2 e5 16. Nh2 f5 17. exf5 Bxf5 18. Ng4 Qc7 19. f4 Bxg4 20. hxg4 Nf6 21. g5 Ng4 22. Be4 Qd7 23. Rf3 Ne3 24. Kh2 Qg4 25. Rh1 exf4 26. Nxf4 Qxg5 27. Rxe3 dxe3 28. Qxe3 Be5 29. Rf1 b5 30. axb5 axb5 31. Bd5+ Kh8 32. cxb5 Bxf4 0-1

[Event "SVK-chT2C 10/11"]
[Site "Slovakia"]
[Date "2010.12.04"]
[Round "3.2"]
[White "Luptak, Pavol"]
[Black "Bucek, Eduard"]
[Result "1-0"]
[WhiteElo "2057"]
[BlackElo "2041"]
[PlyCount "109"]
[EventDate "2010.10.23"]
[EventType "team-tourn"]
[EventRounds "11"]
[EventCountry "SVK"]
[SourceTitle "EXT 2019"]
[Source "ChessBase"]
[SourceDate "2018.10.10"]
[SourceVersion "1"]
[SourceVersionDate "2018.10.10"]
[SourceQuality "1"]
[WhiteTeam "Banska Bystrica Kurta"]
[BlackTeam "Zilina DMS"]
[WhiteTeamCountry "SVK"]
[BlackTeamCountry "SVK"]

1. e4 c5 2. Nf3 Nf6 3. e5 Nd5 4. Nc3 Nb6 5. a4 d5 6. exd6 exd6 7. Bb5+ Nc6 8. 0-0 a6 9. Bxc6+ bxc6 10. d4 Be7 11. dxc5 dxc5 12. Qe2 0-0 13. Ne5 Qc7 14. a5 Bf6 15. axb6 Qxe5 16. Qf3 Qf5 17. Qxc6 Bd7 18. Qe4 Bxc3 19. Qxf5 Bxf5 20. bxc3 Rfb8 21. Rb1 Bxc2 22. Rb2 Bd3 23. Rd1 c4 24. Be3 Rb7 25. Ra2 f5 26. h4 f4 27. Bd4 f3 28. gxf3 Rf8 29. Re1 Rxf3 30. Rxa6 h5 31. Ra7 Rff7 32. Re8+ Kh7 33. Rxb7 Rxb7 34. f3 Bg6 35. Rc8 Bf5 36. Rxc4 Be6 37. Rc5 g6 38. Kf2 Kg8 39. Ra5 Kf7 40. Ke3 Ke7 41. Kf4 Kd6 42. Be5+ Ke7 43. Bc7 Kf6 44. Ra8 Bd5 45. Rd8 Be6 46. Rd6 Kf7 47. Kg5 Bf5 48. Rf6+ Kg7 49. Rxf5 gxf5 50. Kxf5 Kh7 51. c4 Kg7 52. c5 Kf8 53. c6 Rxc7 54. bxc7 Kf7 55. c8B 1-0

[Event "Piestany op"]
[Site "Piestany"]
[Date "2010.11.21"]
[Round "9"]
[White "Bucek, Eduard"]
[Black "Kovacik, Emil"]
[Result "1-0"]
[WhiteElo "2036"]
[BlackElo "2232"]
[PlyCount "93"]
[EventDate "2010.11.15"]
[EventType "swiss"]
[EventRounds "9"]
[EventCountry "SVK"]
[SourceTitle "EXT 2023"]
[Source "ChessBase"]
[SourceDate "2022.10.05"]
[SourceVersion "1"]
[SourceVersionDate "2022.10.05"]
[SourceQuality "1"]

1. Nf3 d5 2. c4 e6 3. d4 Nf6 4. Nc3 c6 5. e3 Nbd7 6. cxd5 exd5 7. Bd3 Bd6 8. 0-0 0-0 9. Bd2 Re8 10. Qc2 Qe7 11. Ne1 Ne4 12. Bc1 Qh4 13. g3 Qe7 14. f3 Ng5 15. e4 Nh3+ 16. Kg2 dxe4 17. fxe4 Nf8 18. Nf3 Ng6 19. e5 Bc7 20. Bf5 c5 21. Nd5 Qd8 22. Nxc7 Qxc7 23. Bxh3 Bxh3+ 24. Kxh3 Qd7+ 25. Kg2 cxd4 26. Qe4 Rad8 27. Bf4 f6 28. Rae1 d3 29. Qc4+ Kh8 30. e6 Nxf4+ 31. gxf4 Qd6 32. Rf2 b5 33. Qe4 Qc5 34. Rd2 Qc4 35. Qxc4 bxc4 36. Re4 Rc8 37. Kf2 Rc6 38. Nd4 Ra6 39. a3 Kg8 40. Ke3 Rc8 41. Nf5 Re8 42. Nd4 g6 43. Rg2 Kf8 44. Kd2 Rd6 45. Kc3 Ke7 46. f5 Red8 47. fxg6 1-0

[Event "Tatry op"]
[Site "Tatranske Zruby"]
[Date "2010.10.05"]
[Round "5"]
[White "Bucek, Eduard"]
[Black "Zdrazil, Bohumir"]
[Result "1-0"]
[WhiteElo "2041"]
[BlackElo "1915"]
[PlyCount "171"]
[EventDate "2010.10.02"]
[EventType "swiss"]
[EventRounds "9"]
[EventCountry "SVK"]
[SourceTitle "CBM 138 Extra"]
[Source "ChessBase"]
[SourceDate "2010.10.29"]
[SourceVersion "1"]
[SourceVersionDate "2010.10.29"]
[SourceQuality "1"]

1. g4 d5 2. Bg2 Bxg4 3. c4 Be6 4. Qb3 Bc8 5. cxd5 Nd7 6. Nc3 Ngf6 7. d3 Nb6 8. Bg5 h6 9. Bh4 a5 10. e4 e5 11. Nge2 a4 12. Qc2 Be7 13. Bg3 Bd6 14. 0-0 Nh5 15. Nb5 Bd7 16. Nxd6+ cxd6 17. d4 Nxg3 18. fxg3 0-0 19. dxe5 dxe5 20. Qd3 Nc8 21. Nc3 Nd6 22. Kh1 Qb6 23. Rab1 Rfc8 24. b3 axb3 25. Rxb3 Qa5 26. g4 f6 27. g5 hxg5 28. h4 g4 29. Qg3 Rf8 30. Nd1 Qxa2 31. Nf2 b5 32. Rfb1 Ra3 33. Rxa3 Qxb1+ 34. Kh2 Qc1 35. Ra7 Qc8 36. Qa3 Nc4 37. Qe7 Rf7 38. Qb4 Qf8 39. Qb3 Qc5 40. Ra8+ Rf8 41. Ra2 Qe3 42. Qxe3 Nxe3 43. Ra7 Rd8 44. Nd3 Be8 45. Bh1 Nc4 46. Kg3 Bd7 47. Nc5 Bc8 48. Bg2 Nd6 49. Bf1 g6 50. h5 gxh5 51. Kh4 f5 52. Kxh5 fxe4 53. Kg6 Bf5+ 54. Kf6 Rf8+ 55. Kxe5 Nc4+ 56. Kd4 g3 57. Bxc4 bxc4 58. Ra3 Kf7 59. Rxg3 Re8 60. Nb7 Re7 61. Nd6+ Kf6 62. Nxc4 Rg7 63. Ra3 Rg1 64. Ra6+ Kg5 65. Ne3 Rb1 66. d6 Rb4+ 67. Kc3 Rb5 68. Kc4 Re5 69. Kd4 Rb5 70. Kc4 Rb7 71. Ra5 Kf4 72. Nxf5 e3 73. Nxe3 Kxe3 74. Re5+ Kf4 75. Re7 Rb1 76. Kd5 Kf5 77. Rf7+ Kg6 78. Rf4 Kg5 79. Rf2 Re1 80. Kc6 Rc1+ 81. Kd7 Re1 82. Kd8 Rc1 83. d7 Re1 84. Rd2 Kf6 85. Kc7 Rc1+ 86. Kd6 1-0